Aristotle : life and works : (Record no. 78893)

MARC details
000 -LEADER
fixed length control field 00657nam a22002057a 4500
005 - DATE AND TIME OF LATEST TRANSACTION
control field 20140214154912.0
010 ## - LCCN (DPL NO)
LC control number ENG-108444
020 ## - INTERNATIONAL STANDARD BOOK NUMBER
Terms of availability 400.00
International Standard Book Number 9788189297749
020 ## - INTERNATIONAL STANDARD BOOK NUMBER
Terms of availability 400.00
International Standard Book Number 8189297740
035 ## - SYSTEM CONTROL NUMBER
System control number EN-91977
037 ## - SOURCE OF ACQUISITION
Source of stock number/acquisition DBAD/PUB
082 ## - DEWEY DECIMAL CLASSIFICATION NUMBER
Classification number 920
245 ## - TITLE STATEMENT
Title Aristotle : life and works :
Remainder of title the most influential Greek philosopher /
Statement of responsibility, etc edited by Monika Khanna
260 ## - PUBLICATION, DISTRIBUTION, ETC. (IMPRINT)
Place of publication, distribution, etc Delhi
Name of publisher, distributor, etc Farsight Publishers and Distributors
Date of publication, distribution, etc 2011
270 ## - ADDRESS
Address S-16, Naveen Shahdara,
City Delhi
Postal code 110032
300 ## - PHYSICAL DESCRIPTION
Extent 268p.
Dimensions 22cm(Hb)
500 ## - GENERAL NOTE
General note Includes bibliographical references
700 ## - ADDED ENTRY--PERSONAL NAME
Personal name Khanna, Monika
942 ## - ADDED ENTRY ELEMENTS (KOHA)
Source of classification or shelving scheme Dewey Decimal Classification
Item type English Books
Call number suffix ARI
Classification part 920
Holdings
Withdrawn status Lost status Not for loan Collection code Home library Current library Date acquired Source of acquisition Cost, normal purchase price Full call number Barcode Copy number Cost, replacement price Koha item type
    Not For Loan Non-fiction D.B.Act.Division D.B.Act.Division 29/08/2013 DBAD / PUB 400.00 920 ARI EN-91977 1 400.00 English Books

© Delhi Public Library
Hit Counter
free hit counter